Analysis of the Reactive Components of the Plasma Gap Impedance in Thermionic Energy Converter; Advances in Computer Science Research; Vol. 51 : Information Technologies in Science, Management, Social Sphere and Medicine (ITSMSSM 2016)

Бібліографічні деталі
Parent link:Advances in Computer Science Research
Vol. 51 : Information Technologies in Science, Management, Social Sphere and Medicine (ITSMSSM 2016).— 2016.— [P. 65-69]
Автор: Zimin V. P. Vyacheslav Prokopjevich
Співавтор: Национальный исследовательский Томский политехнический университет (ТПУ) Институт кибернетики (ИК)
Інші автори: Isakova E. A. Ekaterina Aleksandrovna
Резюме:Title screen
The contribution of the of voltage drop components to the impedance of the plasma gap was analyzed based on the non-stationary models of processes in low temperature cesium plasma. Depending on the phase of the plasma parameters and the properties of the thermionic energy converter the voltage drop components may exhibit both inductive and capacitive properties. Hodographs of the impedance of the plasma arc gap in the converter were calculated and analyzed both for arc and diffusion modes. The effect of temperature resonance on the impedance hodograph of the plasma gap in the arc mode was analyzed. Noted is a significant contribution of the volume ionization thermionic energy converter to the inductive properties of the plasma gap.
Мова:Англійська
Опубліковано: 2016
Предмети:
Онлайн доступ:http://dx.doi.org/10.2991/itsmssm-16.2016.88
Формат: MixedMaterials Електронний ресурс Частина з книги
KOHA link:https://koha.lib.tpu.ru/cgi-bin/koha/opac-detail.pl?biblionumber=652846

MARC

LEADER 00000nla2a2200000 4500
001 652846
005 20231101134735.0
035 |a (RuTPU)RU\TPU\network\18185 
090 |a 652846 
100 |a 20170127a2016 k y0engy50 ba 
101 0 |a eng 
102 |a FR 
105 |a y z 100zy 
135 |a drcn ---uucaa 
181 0 |a i  
182 0 |a b 
200 1 |a Analysis of the Reactive Components of the Plasma Gap Impedance in Thermionic Energy Converter  |f V. P. Zimin, E. A. Isakova 
203 |a Text  |c electronic 
300 |a Title screen 
320 |a [References: p. 69 (8 tit.)] 
330 |a The contribution of the of voltage drop components to the impedance of the plasma gap was analyzed based on the non-stationary models of processes in low temperature cesium plasma. Depending on the phase of the plasma parameters and the properties of the thermionic energy converter the voltage drop components may exhibit both inductive and capacitive properties. Hodographs of the impedance of the plasma arc gap in the converter were calculated and analyzed both for arc and diffusion modes. The effect of temperature resonance on the impedance hodograph of the plasma gap in the arc mode was analyzed. Noted is a significant contribution of the volume ionization thermionic energy converter to the inductive properties of the plasma gap. 
461 1 |0 (RuTPU)RU\TPU\network\18167  |t Advances in Computer Science Research 
463 0 |0 (RuTPU)RU\TPU\network\18169  |t Vol. 51 : Information Technologies in Science, Management, Social Sphere and Medicine (ITSMSSM 2016)  |o III International Scientific Conference, May 23-26, 2016, Tomsk, Russia  |o [proceedings]  |f National Research Tomsk Polytechnic University (TPU) ; eds. O. G. Berestneva, A. Tikhomirov, A. Trufanov  |v [P. 65-69]  |d 2016 
610 1 |a электронный ресурс 
610 1 |a труды учёных ТПУ 
610 1 |a термоэмиссионные преобразования 
610 1 |a нестационарные процессы 
610 1 |a цезиевая плазма 
610 1 |a годографы 
700 1 |a Zimin  |b V. P.  |c specialist in the field of Informatics and computer engineering  |c Associate Professor of Tomsk Polytechnic University, Candidate of technical sciences  |f 1955-  |g Vyacheslav Prokopjevich  |2 stltpush  |3 (RuTPU)RU\TPU\pers\30922 
701 1 |a Isakova  |b E. A.  |g Ekaterina Aleksandrovna 
712 0 2 |a Национальный исследовательский Томский политехнический университет (ТПУ)  |b Институт кибернетики (ИК)  |2 stltpush  |3 (RuTPU)RU\TPU\col\18397 
801 2 |a RU  |b 63413507  |c 20180213  |g RCR 
856 4 |u http://dx.doi.org/10.2991/itsmssm-16.2016.88 
942 |c CF